[Event "CRO-chT2 South"]
[Site "Croatia"]
[Date "2014.04.27"]
[Round "3.2"]
[White "Saric, Kristina"]
[Black "Kacunko, Jozo"]
[Result "1-0"]
[WhiteElo "2168"]
[BlackElo "1934"]
[PlyCount "75"]
[EventDate "2014.04.25"]
[EventType "team-tourn"]
[EventRounds "9"]
[EventCountry "CRO"]
[SourceTitle "EXT 2019"]
[Source "ChessBase"]
[SourceDate "2018.10.10"]
[SourceVersion "1"]
[SourceVersionDate "2018.10.10"]
[SourceQuality "1"]

1. e4 e6 2. d4 d5 3. Nd2 Nf6 4. e5 Nfd7 5. c3 c5 6. Bd3 Nc6 7. Ne2 cxd4 8. cxd4 Nb4 9. Bb1 Be7 10. 0-0 0-0 11. Nf3 f5 12. exf6 Nxf6 13. a3 Nc6 14. Nf4 Bd6 15. Re1 Ne4 16. Bxe4 Bxf4 17. Bd3 h6 18. Bxf4 Rxf4 19. Bb5 Bd7 20. Bxc6 bxc6 21. Qd2 Rf6 22. Rac1 Qb6 23. Ne5 Be8 24. Rc5 a5 25. Rec1 Rb8 26. R1c2 a4 27. Nxc6 Bxc6 28. Rxc6 Qb3 29. Qe2 Rbf8 30. f3 Re8 31. R2c3 Qa2 32. Rc8 Rxc8 33. Rxc8+ Kf7 34. Qc2 Rf5 35. Rc7+ Kf6 36. Rb7 g5 37. Qc7 Kg6 38. Qg7+ 1-0

[Event "Sveti Vid CC Klis-ch"]
[Site "Sveti Vid"]
[Date "2014.01.31"]
[Round "6"]
[White "Jozic, Vjekoslav"]
[Black "Kacunko, Jozo"]
[Result "0-1"]
[WhiteElo "1772"]
[BlackElo "1943"]
[PlyCount "61"]
[EventDate "2014.01.18"]
[EventType "tourn"]
[EventRounds "11"]
[EventCountry "CRO"]
[SourceTitle "EXT 2016"]
[Source "ChessBase"]
[SourceDate "2015.10.08"]
[SourceVersion "1"]
[SourceVersionDate "2015.10.08"]
[SourceQuality "1"]

1. e4 e6 2. Nf3 d5 3. Nc3 Nf6 4. e5 Nfd7 5. Bb5 c5 6. d4 Nc6 7. Bxc6 bxc6 8. 0-0 cxd4 9. Qxd4 g6 10. Re1 Bg7 11. b3 Ba6 12. Na4 0-0 13. Ba3 Re8 14. Rad1 f6 15. Bd6 Nxe5 16. Bxe5 fxe5 17. Nxe5 Qd6 18. Nc5 Bc8 19. Re3 Rb8 20. Rde1 a5 21. Ncd3 Rb5 22. a4 c5 23. Qh4 Rb7 24. Rh3 Bxe5 25. Nxe5 Qe7 26. Qh6 Qg7 27. Qd2 Ra7 28. Rg3 Rf8 29. h4 Rf5 30. Rh3 Rxe5 31. Rf1 0-1

[Event "CRO-chT2S"]
[Site "Makarska"]
[Date "2013.04.07"]
[Round "3.4"]
[White "Gracin, Damir"]
[Black "Kacunko, Jozo"]
[Result "1-0"]
[WhiteElo "2120"]
[BlackElo "1934"]
[PlyCount "85"]
[EventDate "2013.04.05"]
[EventType "team-tourn"]
[EventRounds "9"]
[EventCountry "CRO"]
[SourceTitle "EXT 2014"]
[Source "ChessBase"]
[SourceDate "2013.11.20"]
[SourceVersion "1"]
[SourceVersionDate "2013.11.20"]
[SourceQuality "1"]
[WhiteTeam "Primosten"]
[BlackTeam "Klis Sveti Vid"]
[WhiteTeamCountry "CRO"]
[BlackTeamCountry "CRO"]

1. d4 e6 2. e4 d5 3. Nc3 Bb4 4. Qg4 Nf6 5. Qxg7 Rg8 6. Qh6 Rg6 7. Qe3 dxe4 8. Bd2 Nc6 9. Nge2 Bxc3 10. Qxc3 Ne7 11. Qb3 b6 12. Nf4 Rg7 13. c4 Nf5 14. d5 Nd4 15. Qc3 e5 16. Ne2 c5 17. dxc6 Nxc6 18. 0-0-0 Qc7 19. Be3 Be6 20. Ng3 Rd8 21. Be2 Rg8 22. Rxd8+ Qxd8 23. Rd1 Qc7 24. f3 exf3 25. Bxf3 Nd7 26. Ne4 f5 27. Bh5+ Kd8 28. Ng5 Rxg5 29. Bxg5+ Kc8 30. Be3 Nf6 31. Bf3 Ng4 32. Bxg4 fxg4 33. Kb1 h5 34. c5 h4 35. Rf1 g3 36. hxg3 hxg3 37. cxb6 axb6 38. Rc1 Bd5 39. Qd2 Qf7 40. b4 Kb7 41. Qc2 Nxb4 42. Qc8+ Ka7 43. Rc7+ 1-0

[Event "Split Zupanije-ch"]
[Site "Split"]
[Date "2013.03.24"]
[Round "8"]
[White "Curic, Drazen"]
[Black "Kacunko, Jozo"]
[Result "1-0"]
[WhiteElo "2271"]
[BlackElo "1941"]
[PlyCount "55"]
[EventDate "2013.03.16"]
[EventType "swiss"]
[EventRounds "9"]
[EventCountry "CRO"]
[SourceTitle "CBM 153 Extra"]
[Source "ChessBase"]
[SourceDate "2013.04.22"]
[SourceVersion "1"]
[SourceVersionDate "2013.04.22"]
[SourceQuality "1"]

1. e4 e6 2. d4 d5 3. Nc3 Bb4 4. a3 Bxc3+ 5. bxc3 Ne7 6. e5 c5 7. Qg4 Qa5 8. Bd2 Ng6 9. h4 h5 10. Qg3 c4 11. Be2 Nc6 12. Nh3 Nce7 13. f3 Nf5 14. Qf2 Bd7 15. Ng5 f6 16. exf6 gxf6 17. Ne4 Ke7 18. Nc5 Qc7 19. g4 Ng7 20. Nxd7 Kxd7 21. Be3 Qd6 22. Kd2 f5 23. Bg5 f4 24. Rhe1 Rae8 25. Bf1 e5 26. dxe5 Qb8 27. gxh5 Rxh5 28. Bh3+ 1-0

[Event "Sveti Vid CC Klis-ch"]
[Site "Sveti Vid"]
[Date "2012.01.29"]
[Round "9"]
[White "Kacunko, Jozo"]
[Black "Klaric, Miro"]
[Result "0-1"]
[WhiteElo "1950"]
[BlackElo "1980"]
[PlyCount "106"]
[EventDate "2012.01.06"]
[EventType "tourn"]
[EventRounds "11"]
[EventCountry "CRO"]
[SourceTitle "EXT 2014"]
[Source "ChessBase"]
[SourceDate "2013.11.20"]
[SourceVersion "1"]
[SourceVersionDate "2013.11.20"]
[SourceQuality "1"]

1. e4 e5 2. Nf3 Nc6 3. Bc4 Bc5 4. c3 d6 5. d4 exd4 6. cxd4 Bb4+ 7. Bd2 Bxd2+ 8. Nbxd2 Nge7 9. 0-0 0-0 10. Re1 Bg4 11. h3 Bh5 12. g4 Bg6 13. d5 Ne5 14. Nxe5 dxe5 15. Nf3 Qd6 16. Qb3 Rab8 17. Qc3 f6 18. Rac1 Rfc8 19. b4 Kh8 20. b5 Be8 21. Qa5 b6 22. Qd2 Ng6 23. Re3 Nf4 24. Nh4 Bd7 25. Nf5 Qf8 26. Rec3 g6 27. Nh4 Qh6 28. Nxg6+ hxg6 29. Qe3 Kg7 30. Bf1 Rb7 31. d6 g5 32. Qd2 Rh8 33. dxc7 Bxg4 34. c8Q Bxc8 35. Rxc8 Rxc8 36. Rxc8 Nxh3+ 37. Bxh3 Qxh3 38. Qd8 Qg4+ 39. Kf1 Qxe4 40. Qh8+ Kg6 41. Rg8+ Kf5 42. Qh5 Qc4+ 43. Kg1 Qg4+ 44. Qxg4+ Kxg4 45. Kg2 e4 46. Rd8 Kf4 47. a4 Rc7 48. Rd4 f5 49. Rb4 g4 50. Rb3 Rc4 51. Ra3 Rd4 52. a5 Rb4 53. axb6 axb6 0-1

[Event "Split op 1st"]
[Site "Split"]
[Date "2011.08.05"]
[Round "1"]
[White "Bilobrk, Franjo"]
[Black "Kacunko, Jozo"]
[Result "1-0"]
[WhiteElo "2374"]
[BlackElo "1955"]
[PlyCount "55"]
[EventDate "2011.08.05"]
[EventType "swiss"]
[EventRounds "9"]
[EventCountry "CRO"]
[SourceTitle "CBM 143 Extra"]
[Source "ChessBase"]
[SourceDate "2011.08.29"]
[SourceVersion "1"]
[SourceVersionDate "2011.08.29"]
[SourceQuality "1"]

1. d4 Nf6 2. c4 g6 3. Nc3 d5 4. cxd5 Nxd5 5. e4 Nxc3 6. bxc3 Bg7 7. Be3 0-0 8. Qd2 c5 9. Rc1 Nc6 10. d5 Ne5 11. Bxc5 Qc7 12. Bd4 Rd8 13. c4 b6 14. Be2 Ba6 15. f4 Nd7 16. Bxg7 Kxg7 17. Nf3 Rac8 18. 0-0 f6 19. Nd4 Nc5 20. Qe3 Qd7 21. e5 Rc7 22. f5 g5 23. Ne6+ Nxe6 24. fxe6 Qe8 25. d6 Rc5 26. dxe7 Rxe5 27. exd8Q Qxd8 28. Qd3 1-0

[Event "Split op 3rd"]
[Site "Split"]
[Date "2009.03.01"]
[Round "2"]
[White "Kacunko, Jozo"]
[Black "Armanda, Ivica"]
[Result "0-1"]
[WhiteElo "2011"]
[BlackElo "2326"]
[PlyCount "90"]
[EventDate "2009.02.28"]
[EventType "swiss"]
[EventRounds "9"]
[EventCountry "CRO"]
[SourceTitle "CBM 129 Extra"]
[Source "ChessBase"]
[SourceDate "2009.05.05"]
[SourceVersion "2"]
[SourceVersionDate "2009.05.20"]
[SourceQuality "1"]

1. e4 c5 2. Nf3 d6 3. d4 cxd4 4. Nxd4 Nf6 5. Nc3 g6 6. f3 Bg7 7. Be3 0-0 8. Qd2 Nc6 9. 0-0-0 Nxd4 10. Bxd4 Be6 11. g4 Qa5 12. Kb1 Rfc8 13. Bxf6 Rxc3 14. Qxc3 Qxa2+ 15. Kc1 Bxf6 16. Qa3 Bg5+ 17. Rd2 Qxa3 18. bxa3 Rc8 19. h4 Bf4 20. Kd1 Bxd2 21. Kxd2 Rc5 22. Bd3 d5 23. Ke3 dxe4 24. Bxe4 b6 25. Bd3 Bd5 26. Re1 e5 27. g5 Ra5 28. Ra1 Ra4 29. Be4 Bxe4 30. fxe4 Kg7 31. c3 b5 32. Ra2 a6 33. Kd3 f5 34. exf5 gxf5 35. Re2 e4+ 36. Ke3 Rxa3 37. Kf4 Rxc3 38. Kxf5 e3 39. h5 b4 40. Ra2 Rc5+ 41. Kf4 a5 42. Re2 b3 43. Rxe3 Rc4+ 44. Kf5 b2 45. h6+ Kf7 0-1